LEADER 00909nam0 22002773i 450 001 MIL0464206 005 20231121125548.0 100 $a20130624d1969 ||||0itac50 ba 101 | $aeng 102 $agb 181 1$6z01$ai $bxxxe 182 1$6z01$an 200 1 $a˜The œEnglish utopia$fby A. L. Morton 210 $aLondon$cLawrence and Wishart$d1969 215 $a295 p.$d19 cm. 606 $aUTOPIA$xGRAN BRETAGNA$2FIR$3IEIC013574$9I 676 $a321.07$9$v21 700 1$aMorton$b, Arthur Leslie$3SBLV090789$4070$0291424 801 3$aIT$bIT-01$c20130624 850 $aIT-FR0017 899 $aBiblioteca umanistica Giorgio Aprea$bFR0017 912 $aMIL0464206 950 0$aBiblioteca umanistica Giorgio Aprea$d 52MAG 8/1012$e 52MAG0000040005 VMB RS $fA $h20130624$i20130624 977 $a 52 996 $aEnglish utopia$9605622 997 $aUNICAS